Statistics for Trick Quiz

Click here to take the quiz!

General Stats

  • This quiz has been taken 22 times
  • The average score is 2 of 10

Answer Stats

HintAnswer% Correct
If I'm fishing for eels, then what am I doing?Fishing for eels
70%
All of the above are...Questions
65%
You're trapped in a burning room with no exits.
What is the most likely thing that will happen?
You will die
35%
1 + 1 is what?A math problem
20%
What is this?A word
10%
Within this question there is noPunctuation
10%
Cyprus is in?the Mediterranean Sea
10%
Complete the name: Vladimir ______Indeterminable; there are many people with this first name but a different surname
5%
If someone says, "baño", what are they?Speaking Spanish
5%
A, B, C, D, E, F, G... are part of what?This question
5%

Score Distribution

Percentile by Number Answered

Percent of People with Each Score

Your Score History

You have not taken this quiz